Los derechos humanos en el derecho internacional (Registro nro. 2008)
[ vista simple ]
| 000 -LEADER | |
|---|---|
| fixed length control field | 01804 a2200229 4500 |
| 001 - CONTROL NUMBER | |
| control field | 30081 |
| 005 - DATE AND TIME OF LATEST TRANSACTION | |
| control field | 20260407155611.0 |
| 008 - FIXED-LENGTH DATA ELEMENTS--GENERAL INFORMATION | |
| fixed length control field | 260407a2014 arg spa d |
| 003 - CONTROL NUMBER IDENTIFIER | |
| control field | AR-UNSa-BCEJYS |
| 040 ## - CATALOGING SOURCE | |
| Original cataloging agency | AR-UNSa-BCEJYS |
| Language of cataloging | spa |
| Transcribing agency | AR-UNSa-BCEJYS |
| 080 ## - UNIVERSAL DECIMAL CLASSIFICATION NUMBER | |
| Universal Decimal Classification number | 342.7 |
| Common auxiliary subdivision | Derechos fundamentales. Derechos humanos. Derechos y deberes de los ciudadanos (Derecho a la Salud, vivienda) |
| 020 ## - INTERNATIONAL STANDARD BOOK NUMBER | |
| International Standard Book Number | 978-987-3720-04-8 |
| 041 ## - LANGUAGE CODE | |
| Language code of text/sound track or separate title | spa |
| 100 1# - MAIN ENTRY--PERSONAL NAME | |
| Personal name | Rey, Sebastián Alejandro |
| 245 10 - TITLE STATEMENT | |
| Title | Los derechos humanos en el derecho internacional |
| 264 #1 - PRODUCTION, PUBLICATION, DISTRIBUTION, MANUFACTURE, AND COPYRIGHT NOTICE | |
| Place of production, publication, distribution, manufacture | Buenos Aires : |
| Name of producer, publisher, distributor, manufacturer | Ministerio de Justicia y Derechos Humanos de la Nación |
| Date of production, publication, distribution, manufacture, or copyright notice | 2014 |
| 300 ## - PHYSICAL DESCRIPTION | |
| Extent | ix, 261 p. |
| Dimensions | 23 cm. |
| 505 ## - FORMATTED CONTENTS NOTE | |
| Formatted contents note | 1. Censura indirecta y responsabilidad civil. El "Caso Fontevecchia y D`Amico vs. Argentina - 2. La diversidad cultural como criterio para la determinación de sanciones en materia penal - 3. Los derechos humanos al agua y al saneamiento: aportes para un debate nacional pendiente - 4. El delito de terrorismo, el Derecho Internacional Público y el Derecho Internacional de los Derechos Humanos - 5. El deber de garantía y de prevención y la violencia contra las mujeres - 6. El derecho de la educación como derecho humano - 7. Negocios y derechos humanos. La responsabilidad de los Estados cuando intervienanen empresas multinacionales en la violación de derechos humanos - 8. Uno de los últimos delitos sin víctimas. La prision con incesto consensuado entre hermanos adultos consanguíneos - 9. La lucha contra la trata de personas en Argentina y su compatibilidad con los estándares internacionales |
| 590 ## - LOCAL NOTE (RLIN) | |
| Local note | niveau_biblio:m niveau_hierar:0 |
| 856 41 - ELECTRONIC LOCATION AND ACCESS | |
| Uniform Resource Identifier | <a href="https://biblioeco.unsa.edu.ar/pmb/images/libros/Los Derechos Humanos en el Derecho Internacional-l125111.jpg">https://biblioeco.unsa.edu.ar/pmb/images/libros/Los Derechos Humanos en el Derecho Internacional-l125111.jpg</a> |
| Link text | Imagen de portada |
| Electronic format type | image/jpeg |
| 942 ## - ADDED ENTRY ELEMENTS (KOHA) | |
| Koha item type | |
| Withdrawn status | Lost status | Damaged status | Not for loan | Home library | Current library | Shelving location | Date acquired | Total checkouts | Full call number | Barcode | Date last seen | Price effective from | Koha item type |
|---|---|---|---|---|---|---|---|---|---|---|---|---|---|
| Biblioteca Prof. Eusebio Cleto del Rey | Biblioteca Prof. Eusebio Cleto del Rey | 07/04/2026 | 342.7 R456d | L125111 | 07/04/2026 | 07/04/2026 | Libro |